000
00230nam a22000857a 4500
008
160720b xxu||||| |||| 00| 0 eng d
100
_9
3086
_a
Puri, S.K
245
_a
Science and Technology
260
_a
New Delhi
_b
Jiwan Publication
_c
2006
999
_c
2648
_d
2648